00997nam a2200241 i 4500001000700000003000900007005001700016008004100033080001400074100003300088245013500121250002800256260004200284300004200326490004000368650004300408700003400451830004800485852006500533942000800598999001900606952013000625171087ES-MaACL20230906214533.0090427q1832 fr |||| | fre d a782.089.61 aHérold, Ferdinand.913797013aLe pré aux clercs [hMúsica impresa] b: opéra-comique en trois actes / cparoles de E. de Planard ; musique de F. Hérold. aPetite éd. populaire. aParis : bL. Grus & Cie, c[ca. 1832] a1 partitura vocal (150 p.) ; c19 cm.1 aPetites partitions populaires ; v6 4aÓperas-xPartituras vocales.91379971 aPlanard, Eugène de.91390921 aPetites partitions populaires ; v692231394 aES-MaACLjE-12615 z- Biblioteca Jacinto Martínez Lacalle 2udc c171087d171087 00102udc40708LIBXIXaATENEOMbATENEOMcDEPO2d2009-04-27l0oE-12615p1179551r2023-02-23 00:00:00w2023-02-23yPARTITURA